LVMH Brands - Statistics

General Stats
  • This quiz has been taken 102 times
  • The average score is 17 of 79
Answer Stats
Answer % Correct
Louis Vuitton
100%
Christian Dior
74%
Parfums Christian Dior
74%
Hennessy
66%
Moet & Chandon
64%
TAG Heuer
50%
Sephora
48%
Tiffany & Co.
48%
Givenchy
44%
Givenchy Parfums
44%
Bulgari
40%
Celine
40%
Fendi
40%
Chandon
38%
Guerlain
36%
Loewe
36%
Perfumes Loewe
36%
Kenzo
34%
Kenzo Parfums
34%
Loro Piana
32%
Dom Perignon
28%
Fenty Beauty
28%
Rimowa
28%
Benefit Cosmetics
26%
Chateau Cheval Blanc
26%
Cheval Blanc
26%
Acqua di Parma
24%
DFS
22%
Hublot
22%
Krug
22%
Le Parisien
22%
Marc Jacobs
22%
Marc Jacobs Beauty
22%
Belvedere
20%
Le Bon Marche
20%
Make Up For Ever
18%
Chaumet
16%
Les Echos
16%
Veuve Clicquot
16%
Zenith
16%
Belmond
14%
Berluti
14%
Fred
14%
Stella by Stella McCartney
14%
Moynat
12%
Emilio Pucci
10%
Fresh
10%
Maison Francis Kurkdjian
10%
Mercier
10%
Radio Classique
10%
Ruinart
10%
Ardbeg
8%
Connaissance des Arts
8%
Glenmorangie
8%
Investir
8%
Jardin D'Acclimatation
8%
La Grande Epicerie
8%
Patou
8%
Royal Van Lent
8%
Ao Yun
6%
Bodega Numanthia
6%
Cha Ling
6%
Cloudy Bay
6%
KVD Beauty
6%
Officine Universelle Buly
6%
Repossi
6%
Volcan de mi Tierra
6%
Woodinville
6%
Cape Mentelle
4%
Chateau D'Yquem
4%
Chateau Galoupet
4%
Clos19
4%
Clos des Lambrays
4%
Cova
4%
Eminente
4%
Newton Vineyard
4%
Starboard Cruises
4%
Terrazas de los Andes
4%
Cheval des Andes
2%
No matching quizzes found
Score Distribution
Percent of People with Each Score
Percentile by Number Answered
Your Score History
You have not taken this quiz